书目信息 |
| 题名: |
阴影与透视
|
|
| 作者: | 陈玲玲 编著 | |
| 分册: | ||
| 出版信息: | 广州 华南工学院出版社 2004.01 |
|
| 页数: | 207页 | |
| 开本: | 26cm | |
| 丛书名: | 工程图学系列教材 | |
| 单 册: | ||
| 中图分类: | TB23 | |
| 科图分类: | ||
| 主题词: | 工程制图 | |
| 电子资源: | ||
| ISBN: | 7-5623-2034-9 | |
| 000 | 00612nam0 2200217 450 | |
| 001 | 0534212094 | |
| 005 | 20050618093012.09 | |
| 010 | @a7-5623-2034-9@d21.00CNY | |
| 100 | @a20050618d2004 km y0chiy0120 ea | |
| 101 | 0 | @achi |
| 102 | @aCN@b440000 | |
| 200 | 1 | @a阴影与透视@Ayin ying yu tou shi@f陈玲玲编著@Fchen ling ling bian zhu |
| 210 | @a广州@c华南工学院出版社@d2004.01 | |
| 215 | @a207页@d26cm | |
| 225 | 2 | @a工程图学系列教材 |
| 410 | 0 | @12001 @a工程图学系列教材 |
| 606 | 0 | @a工程制图 |
| 690 | @aTB23 | |
| 701 | 0 | @a陈玲玲@Achen ling ling@4编著 |
| 801 | 0 | @aCN@bPFT@c20050618 |
| 905 | @a10447@dTB23@eC500 | |
| 阴影与透视/陈玲玲编著.-广州:华南工学院出版社,2004.01 |
| 207页;26cm.-(工程图学系列教材) |
| ISBN 7-5623-2034-9:21.00CNY |
| ● |
| 相关链接 |
|
|
|
正题名:阴影与透视
索取号:TB23/C500
 
预约/预借
| 序号 | 登录号 | 条形码 | 馆藏地/架位号 | 状态 | 备注 |
| 1 | 539266 | 205392662 | 期刊室512/501自科库 5排4列1层/ [索取号:TB23/C500] | 在馆 | |
| 2 | 539267 | 205392671 | 自科库501/501自科库 5排4列1层/ [索取号:TB23/C500] | 在馆 | |
| 3 | 539268 | 205392680 | 自科库501/501自科库 5排4列1层/ [索取号:TB23/C500] | 在馆 |